000 00793nam a2200205 i 4500
001 167898
003 ES-MaACL
005 20230906213624.0
008 051004s1856 gw | |||||||| ||ger d
040 _aCAM
_bspa
_cCAM
100 1 _aWeller, Emil.
_9133903
245 1 0 _aIndex Pseudonymorum
_b: Wörterbuch der Pseudonymen order Verzeichniss aller Autoren, die sich falscher Namen bedienten /
_cvon Emil Weller.
260 _aLeipzig :
_bVerlag von Falcke & Rössler,
_c1856.
300 _aX, [2], 281 p. ;
_c26 cm.
490 1 _aDie maskirte Literatur der älteren und neueren Sprach
650 4 _aSeudónimos-
_vDiccionarios.
_9136873
830 0 _aDie maskirte Literatur der älteren und neueren Sprach
_9222665
852 _aES-MaACL
_jG-4636
_z-- Enc. hol.
999 _c167898
_d167898